Obras de G. Warwick Deeping / (Record no. 52802)
[ view plain ]
| 000 -LEADER | |
|---|---|
| campo de control de longitud fija | 01409nam a2200301 i 4500 |
| 001 - NÚMERO DE CONTROL | |
| campo de control | 52802 |
| 003 - IDENTIFICADOR DE NÚMERO DE CONTROL | |
| campo de control | ES-MaACL |
| 005 - FECHA Y HORA DE LA ÚLTIMA TRANSACCIÓN | |
| campo de control | 20250712031711.0 |
| 007 - CAMPO FIJO DE DESCRIPCIÓN FÍSICA--INFORMACIÓN GENERAL | |
| campo de control de longitud fija | t| |
| 008 - DATOS DE LONGITUD FIJA--INFORMACIÓN GENERAL | |
| campo de control de longitud fija | 030904m19581959sp ||||1| spa d |
| 100 1# - ENTRADA PRINCIPAL--NOMBRE DE PERSONA | |
| Nombre de persona | Deeping, Warwick. |
| 9 (RLIN) | 43195 |
| 245 10 - MENCIÓN DEL TÍTULO | |
| Título | Obras de G. Warwick Deeping / |
| Mención de responsabilidad, etc. | George Warwick Deeping. |
| 260 ## - PUBLICACIÓN, DISTRIBUCIÓN, ETC. | |
| Lugar de publicación, distribución, etc. | Barcelona : |
| Nombre del editor, distribuidor, etc. | José Janés, |
| Fecha de publicación, distribución, etc. | 1958-59 ( |
| Fabricante | Castilla) |
| 300 ## - DESCRIPCIÓN FÍSICA | |
| Extensión | 2 t. : |
| Otras características físicas | retr. aut. ; |
| Dimensiones | 18 cm. |
| 490 1# - MENCIÓN DE SERIE | |
| Mención de serie | Maestros de hoy |
| 505 8# - NOTA DE CONTENIDO CON FORMATO | |
| Nota de contenido con formato | Contiene: T. I: La ciudad desconfiada / [traducción de José Casaiz Herrera]. Cuando el amor acaba / [traducción de Fernando Gutiérrez]. La oscura morada / [traducción de Mario Rowe]. La tierra prometida / [traducción de Mary Lladó]. -- T. II: El puente del deseo / [traducción y notas de C. González Verges]. Bertrand de Bretaña / [traducción de José Romero de Tejada]. La atrevida juventud / [traducción de M. García]. Rey por un día / [traducción de Enrique de Juan] |
| 700 1# - ENTRADA AGREGADA--NOMBRE PERSONAL | |
| Nombre de persona | Casaiz Herrera, José. |
| 9 (RLIN) | 36037 |
| 700 1# - ENTRADA AGREGADA--NOMBRE PERSONAL | |
| Nombre de persona | Gutiérrez, Fernando, |
| Fechas asociadas al nombre | 1911-1984 |
| 9 (RLIN) | 156260 |
| 700 1# - ENTRADA AGREGADA--NOMBRE PERSONAL | |
| Nombre de persona | Rowe, Mario. |
| 9 (RLIN) | 100178 |
| 700 1# - ENTRADA AGREGADA--NOMBRE PERSONAL | |
| Nombre de persona | Lladó, Mary. |
| 9 (RLIN) | 72649 |
| 700 1# - ENTRADA AGREGADA--NOMBRE PERSONAL | |
| Nombre de persona | González Verges, C. |
| 9 (RLIN) | 59015 |
| 700 1# - ENTRADA AGREGADA--NOMBRE PERSONAL | |
| Nombre de persona | Romero de Tejada, J. |
| 9 (RLIN) | 99376 |
| 700 1# - ENTRADA AGREGADA--NOMBRE PERSONAL | |
| Nombre de persona | García, M. |
| 9 (RLIN) | 54065 |
| 700 1# - ENTRADA AGREGADA--NOMBRE PERSONAL | |
| Nombre de persona | Juan, Enrique de. |
| 9 (RLIN) | 67090 |
| 830 0# - PUNTO DE ACCESO ADICIONAL DE SERIE-TÍTULO UNIFORME | |
| Título uniforme | Maestros de hoy |
| 9 (RLIN) | 182411 |
| 852 ## - LOCALIZACIÓN | |
| Ubicación | ES-MaACL |
| Número de control de estantería | E-5135-36 |
| Sublocalización o colección | R.43907 |
| Estatus retirado | Estado de pérdida | Estado de daño | No para préstamo | Biblioteca de origen | Biblioteca actual | Ubicación en estantería | Fecha de adquisición | Fuente de adquisición | Total de préstamos | Signatura topográfica completa | Código de barras | Visto por última vez | Precio de reemplazo | Tipo de ítem Koha |
|---|---|---|---|---|---|---|---|---|---|---|---|---|---|---|
| Biblioteca del Ateneo de Madrid | Biblioteca del Ateneo de Madrid | Depósito 2 | 17/01/2008 | E-5135-36 | 1055493 | 23/02/2023 | 23/02/2023 | Libro impreso |
